| 000 | 00762 a2200229 4500 | ||
|---|---|---|---|
| 001 | 41055 | ||
| 005 | 20260407155704.0 | ||
| 008 | 260407a1999 arg spa d | ||
| 003 | AR-UNSa-BCEJYS | ||
| 040 |
_aAR-UNSa-BCEJYS _bspa _cAR-UNSa-BCEJYS |
||
| 080 |
_a347.925 _xConciliación. Avenencia (Mediación) |
||
| 245 | 1 | 0 |
_aMediación y conciliación según la jurisprudencia _plegislación |
| 020 | _a950-894-205-3 | ||
| 264 | 1 |
_aBuenos Aires : _bAD-HOC _c1999 |
|
| 300 |
_a220 p. _c23 cm. |
||
| 505 | _a1. Jurisprudencia - 2. Legislación | ||
| 041 | _aspa | ||
| 942 | _cBK | ||
| 590 | _aniveau_biblio:m niveau_hierar:0 | ||
| 100 | 1 | _aRufino, Marco A. | |
| 856 | 4 | 1 |
_uhttps://biblioeco.unsa.edu.ar/pmb/images/libros/L126348.jpg _yImagen de portada _qimage/jpeg |
| 999 |
_c3345 _d3345 |
||